Statistiken für Stadtteile Hamburgs mit Karte

Klicken Sie hier um das Quiz zu spielen!

Allgemein

  • Dieses Quiz wurde 5.920 mal gespielt
  • Das Durchschnittsergebnis liegt bei 47 aus 104

Antworten auf der Karte

Die Antworten werden auf der Karte rot bzw. grün angezeigt, abhängig davon wie oft sie richtig erraten wurden.
 

Antwortstatistiken

Stadtteil% Korrekt
Harburg
82%
St. Pauli
82%
Blankenese
75%
Wandsbek
74%
Wilhelmsburg
71%
Bergedorf
70%
Eimsbüttel
70%
HafenCity
70%
Eppendorf
65%
Hamm
65%
Billstedt
64%
St. Georg
63%
Winterhude
63%
Poppenbüttel
62%
Veddel
62%
Fuhlsbüttel
61%
Stellingen
61%
Finkenwerder
60%
Niendorf
60%
Altona-Nord
59%
Ottensen
59%
Barmbek-Nord
58%
Barmbek-Süd
58%
Rahlstedt
58%
Ohlsdorf
56%
Sternschanze
56%
Hamburg-Altstadt
55%
Horn
55%
Neustadt
55%
Eidelstedt
54%
Othmarschen
54%
Rissen
53%
Alsterdorf
52%
Bahrenfeld
52%
Farmsen-Berne
52%
Schnelsen
52%
Neugraben-Fischbek
51%
Hammerbrook
50%
Langenhorn
49%
Neuwerk
49%
Rotherbaum
49%
Volksdorf
49%
Lurup
48%
Uhlenhorst
48%
Harvestehude
47%
Jenfeld
47%
Rothenburgsort
47%
Altona-Altstadt
46%
Osdorf
46%
Allermöhe
45%
Bramfeld
45%
Wellingsbüttel
45%
Billwerder
44%
Lokstedt
44%
Neuengamme
44%
Sasel
44%
Wohldorf-Ohlstedt
43%
Eilbek
42%
Hoheluft-West
42%
Hummelsbüttel
42%
Steilshoop
42%
Altengamme
41%
Heimfeld
41%
Hoheluft-Ost
41%
Tonndorf
41%
Moorfleet
40%
Nienstedten
40%
Duvenstedt
39%
Groß Flottbek
39%
Billbrook
38%
Cranz
37%
Iserbrook
37%
Sülldorf
37%
Altenwerder
36%
Dulsberg
36%
Groß Borstel
36%
Marienthal
35%
Kirchwerder
34%
Lohbrügge
34%
Bergstedt
33%
Hausbruch
33%
Steinwerder
33%
Curslack
32%
Neuallermöhe
32%
Waltershof
32%
Hohenfelde
31%
Kleiner Grasbrook
31%
Lemsahl-Mellingstedt
31%
Borgfelde
30%
Moorburg
30%
Ochsenwerder
29%
Eißendorf
28%
Marmstorf
28%
Neuland
28%
Francop
27%
Neuenfelde
27%
Rönneburg
24%
Sinstorf
24%
Spadenland
23%
Tatenberg
23%
Wilstorf
23%
Gut Moor
22%
Reitbrook
22%
Langenbek
20%

Verteilung der Resultate

Perzentil nach korrekt beantworteten Fragen

Anzahl Personen mit jedem Resultat

Ihre Resultats-Entwicklung

Sie haben dieses Quiz noch nicht gespielt